La Tribuna de "El Sitio" (Record no. 18724)

MARC details
000 -LEADER
campo de control de longitud fija 01004nam a2200265 i 4500
001 - NÚMERO DE CONTROL
campo de control 18724
003 - IDENTIFICADOR DE NÚMERO DE CONTROL
campo de control ES-MaACL
005 - FECHA Y HORA DE LA ÚLTIMA TRANSACCIÓN
campo de control 20230906151917.0
007 - CAMPO FIJO DE DESCRIPCIÓN FÍSICA--INFORMACIÓN GENERAL
campo de control de longitud fija t|
008 - DATOS DE LONGITUD FIJA--INFORMACIÓN GENERAL
campo de control de longitud fija 020307s2001 sp ||||1| spa d
020 ## - NÚMERO INTERNACIONAL ESTÁNDAR DEL LIBRO
Número Internacional Estándar del Libro 84-86064-06-6
080 ## - NÚMERO DE LA CLASIFICACIÓN DECIMAL UNIVERSAL
Número de la Clasificación Decimal Universal 061.234(460.152 B.)(067.5)
245 03 - MENCIÓN DEL TÍTULO
Título La Tribuna de "El Sitio"
Resto del título : 125 años de expresión libre en Bilbao (1875-2000) /
Mención de responsabilidad, etc. edición al cuidado de Ramón Talasac Hernández y José Manuel Azcona Pastor.
260 ## - PUBLICACIÓN, DISTRIBUCIÓN, ETC.
Lugar de publicación, distribución, etc. [Bilbao] :
Nombre del editor, distribuidor, etc. Sociedad "El Sitio",
Fecha de publicación, distribución, etc. [2001]
300 ## - DESCRIPCIÓN FÍSICA
Extensión 881 p., [22] p. de lám. :
Otras características físicas il., mús. ;
Dimensiones 25 cm.
594 ## - Nota al título y mención de responsabilidad
Nota al título y mención de responsabilidad Conferencias pronunciadas en la Sociedad "El Sitio" de Bilbao.
594 ## - Nota al título y mención de responsabilidad
Nota al título y mención de responsabilidad En cub.: Miguel de Unamuno ... [et al.]
610 24 - PUNTO DE ACCESO ADICIONAL DE MATERIA--NOMBRE DE ENTIDAD CORPORATIVA
Nombre de entidad corporativa o nombre de jurisdicción como elemento de entrada Sociedad "El Sitio"
9 (RLIN) 6704
700 1# - ENTRADA AGREGADA--NOMBRE PERSONAL
Nombre de persona Talasac Hernández, Ramón.
9 (RLIN) 109110
700 1# - ENTRADA AGREGADA--NOMBRE PERSONAL
Nombre de persona Azcona, José Manuel.
9 (RLIN) 173738
700 1# - ENTRADA AGREGADA--NOMBRE PERSONAL
Nombre de persona Unamuno, Miguel de,
Fechas asociadas al nombre 1864-1936
9 (RLIN) 111982
710 2# - ENTRADA AGREGADA--NOMBRE DE ENTIDAD CORPORATIVA
Nombre de entidad corporativa o nombre de jurisdicción como elemento de entrada Sociedad "El Sitio"
9 (RLIN) 6704
852 ## - LOCALIZACIÓN
Ubicación ES-MaACL
Número de control de estantería L-25299
Holdings
Estatus retirado Estado de pérdida Estado de daño No para préstamo Biblioteca de origen Biblioteca actual Ubicación en estantería Fecha de adquisición Fuente de adquisición Total de préstamos Signatura topográfica completa Código de barras Visto por última vez Precio de reemplazo Tipo de ítem Koha
        Biblioteca del Ateneo de Madrid Biblioteca del Ateneo de Madrid Depósito 2 17/01/2008     L-25299 1019161 23/02/2023 23/02/2023 Libro impreso